Statistics for Audrey Hepburn's male partners on screen

Click here to take the quiz!

General Stats

  • This quiz has been taken 51 times
  • The average score is 8 of 12

Answer Stats

HintAnswer% Correct
Roman holidayGregory Peck
91%
CharadeCary Grant
89%
SabrinaHumphrey Bogart
87%
My fair ladyRex Harrison
77%
Funny faceFred Astaire
74%
Breakfast at Tiffany'sGeorge Peppard
72%
Robin and MarianSean Connery
68%
Paris - When it sizzlesWilliam Holden
60%
How to steal a millionPeter O'Toole
53%
Love in the afternoonGary Cooper
51%
Two for the roadAlbert Finney
45%
Green MansionsAnthony Perkins
34%

Score Distribution

Percentile by Number Answered

Percent of People with Each Score

Your Score History

You have not taken this quiz